000 00637nam a2200205 4500
001 126121
003 ES-MaACL
005 20230906192747.0
007 t|
008 070214s1964 sp r ||||1| spa d
100 1 _aReinsma, K.
_996071
245 1 0 _aDosímetros para diagnóstico radiológico /
_cpor K. Reinsma ; [traducido por Luis Egas Trigo].
260 _aMadrid :
_bParaninfo,
_c1964.
300 _a125 p. :
_bil. ;
_c22 cm.
490 1 _aBiblioteca Técnica Philips
700 1 _aEgas Trigo, Luis.
_946696
830 0 _aBiblioteca Técnica Philips
_9181540
852 _aES-MaACL
_jC-25771
_bR.54442
999 _c126121
_d126121